Statistiques concernant Les plus grandes villes du monde - extrême

Cliquez ici pour prendre le quiz!

Statistiques générales

  • Ce quiz a été pris 1 593 fois
  • Le résultat moyen est 96 sur 200

Statistiques - réponses

populationville% Correct
11,2 milParis
99%
14,4 milLondres
96%
39,5 milTokyo
96%
6,25 milMadrid
94%
22,0 milNew York
94%
16,9 milMoscou
93%
4.50 milBerlin
92%
21,1 milPékin
92%
26,4 milDelhi
91%
17,6 milLos Angeles
91%
22,1 milMexico
91%
3.60 milRome
90%
16,8 milLe Caire
89%
12,7 milRio de Janeiro
89%
28,1 milJakarta
88%
3.68 milAlger
85%
15,8 milBuenos Aires
85%
23,2 milMumbai
85%
5.45 milSaint-Pétersbourg
85%
21,8 milSão Paulo
85%
4.90 milSydney
85%
4.65 milBarcelone
84%
9,80 milChicago
84%
5.15 milMilan
83%
24,4 milSéoul
83%
14,3 milIstanbul
82%
9,35 milBogotá
81%
30,9 milShanghai
81%
47,7 milGuangzhou
80%
7,60 milSan Francisco
80%
16,9 milBangkok
79%
9,95 milLima
79%
2.60 milLisbonne
79%
7,05 milSantiago
79%
8,35 milWashington
79%
3.43 milAthènes
78%
17,6 milDacca
78%
13,4 milJohannesburg
78%
23,3 milManille
78%
7,10 milToronto
78%
6,10 milMiami
77%
4.10 milMontréal
77%
10,6 milKinshasa
76%
17,8 milOsaka
76%
4.68 milAnkara
75%
17,1 milLagos
75%
4.13 milLe Cap
75%
13,7 milTéhéran
75%
3.83 milBrasilia
74%
6,90 milSingapour
74%
7,35 milBoston
73%
3.38 milKiev
73%
16,0 milKolkata
73%
6,55 milDallas
72%
7,25 milHong Kong
72%
6,85 milBagdad
71%
4.18 milCasablanca
71%
6,20 milHouston
71%
4.40 milMelbourne
71%
5.20 milNairobi
71%
3.85 milRawalpindi / Islamabad
71%
3.30 milDakar
70%
7,00 milKuala Lumpur
70%
3.00 milManchester
70%
4.25 milNaples
70%
5.15 milAlexandrie
69%
3.70 milCaracas
69%
6,70 milRiyad
68%
2.50 milTunis
68%
2.95 milHanoï
67%
7,30 milPhiladelphie
67%
3.93 milDubai
66%
4.08 milSeattle
66%
2.75 milHambourg
64%
24,3 milKarachi
64%
3.48 milDamas
63%
9,05 milTaipei
63%
2.50 milVancouver
62%
5.05 milAbidjan
61%
5.70 milDetroit
61%
5.55 milKhartoum
60%
2.55 milQuito
60%
3.48 milAddis-Abeba
59%
2.58 milBudapest
59%
5.50 milAtlanta
58%
6,80 milLuanda
58%
8,25 milHo Chi Minh-Ville
57%
2.83 milPyongyang
57%
3.73 milKaboul
56%
3.28 milSan Diego
56%
3.53 milDenver
55%
4.33 milPhoenix
55%
4.58 milAccra
54%
2.95 milBamako
54%
3.13 milBirmingham
54%
4.85 milCologne / Dusseldorf
52%
5.30 milDar es Salaam
52%
3.13 milFrancfort
52%
8,00 milWuhan
52%
10,5 milBengaluru
49%
10,2 milLahore
49%
2.73 milYaoundé
48%
2.83 milAbuja
47%
10,4 milNagoya
47%
2.50 milTel Aviv-Jaffa
47%
3.35 milAmman
45%
4.68 milColombo
44%
4.98 milGuadalajara
44%
4.93 milBelo Horizonte
43%
3.80 milMedellín
43%
10,0 milChennai
42%
6,65 milXi'an
42%
3.00 milGuatemala
41%
2.78 milKatmandou
41%
3.10 milRotterdam
41%
4.65 milMonterrey
39%
11,4 milTianjin
39%
4.28 milBusan
38%
9,00 milHyderabad
37%
4.15 milKoweït
35%
3.78 milRecife
35%
2.90 milBrisbane
34%
3.23 milDurban
34%
2.95 milIzmir
34%
9,60 milChengdu
33%
7,05 milChongqing
33%
3.03 milKampala
33%
3.08 milOrlando
33%
7,45 milAhmedabad
32%
2.85 milPort-au-Prince
32%
5.15 milYangon
32%
3.65 milSalvador
31%
2.93 milCali
29%
3.05 milMinneapolis
29%
4.13 milKano
28%
2.50 milSapporo
28%
5.95 milBandung
27%
4.23 milDjeddah
27%
6,85 milNanjing
27%
4.08 milPorto Alegre
27%
3.65 milSaint-Domingue
27%
10,0 milXiamen
26%
3.58 milFortaleza
25%
3.53 milJaipur
25%
4.70 milSurabaya
25%
3.08 milCleveland
24%
2.65 milTachkent
24%
2.83 milDouala
23%
6,10 milPune
23%
8,30 milHangzhou
21%
5.15 milHarbin
21%
4.53 milChittagong
20%
4.03 milTampa
20%
3.63 milÜrümqi
20%
3.00 milGuayaquil
18%
5.70 milQingdao
18%
5.70 milSurat
16%
3.28 milCuritiba
15%
2.65 milFukuoka
15%
3.15 milIbadan
15%
3.33 milLucknow
15%
7,65 milShenyang
15%
2.73 milCincinnati
14%
3.95 milFaisalabad
14%
3.93 milFuzhou
14%
3.43 milMedan
14%
4.68 milZhengzhou
14%
2.75 milDaegu
13%
4.50 milDalian
13%
2.75 milIspahan
13%
2.98 milPuebla
12%
7,95 milShantou
12%
4.45 milChangsha
11%
4.55 milHefei
11%
3.95 milKunming
11%
3.03 milNagpur
11%
5.90 milWenzhou
11%
3.95 milJinan
9%
2.78 milIndore
8%
3.28 milWuxi
8%
3.70 milChangchun
7%
3.28 milKanpur
7%
3.20 milNanning
7%
3.33 milZibo
7%
3.05 milCampinas
6%
2.68 milKumasi
6%
2.85 milLanzhou
6%
3.08 milMashhad
6%
3.35 milNingbo
6%
3.85 milShijiazhuang
6%
4.20 milTaiyuan
6%
2.68 milChangzhou
5%
2.88 milGuiyang
5%
2.80 milKaohsiung
5%
3.68 milNanchang
5%
2.50 milAnshan
4%
2.55 milBhilai
4%
2.55 milXuzhou
4%
2.80 milHuizhou
3%
2.68 milJiangyin
2%

Distribution des résultats

Percentile par nombre de réponses

% des personnes avec chaque résultat

Votre développement - résultats

Vous n’avez pas pris ce quiz